Statistics for Countries by Area (you have to guess area 'category')

Click here to take the quiz!

General Stats

  • This quiz has been taken 24 times
  • The average score is 36 of 196

Answer Stats

Country Area % Correct
Afghanistan652,230 (6B)
83%
Argentina2,780,400 (7A)
44%
Algeria2,381,741 (7A)
44%
Brazil8,515,767 (7C)
39%
Kazakhstan2,724,900 (7A)
39%
Australia7,692,024 (7C)
39%
Canada9,984,670 (7C)
39%
Luxembourg2,586 (4A)
33%
Madagascar587,041 (6B)
33%
Malawi118,484 (6A)
33%
Italy301,336 (6A)
33%
Peru1,285,216 (7A)
33%
Iran1,648,195 (7A)
33%
Indonesia1,904,569 (7A)
33%
India3,166,414 (7A)
33%
Greece131,990 (6A)
33%
Germany357,114 (6A)
33%
France640,679 (6B)
33%
Democratic Republic of the Congo2,344,858 (7A)
33%
Colombia1,141,748 (7A)
33%
China9,640,821 (7C)
33%
Iraq438,317 (6B)
33%
Libya1,759,540 (7A)
33%
Andorra468 (3B)
33%
Angola1,246,700 (7A)
33%
Japan377,930 (6A)
28%
Lithuania65,300 (5B)
28%
Liechtenstein160 (3A)
28%
Albania28,748 (5A)
28%
Kyrgyzstan199,951 (6A)
28%
Ecuador276,841 (6A)
28%
Egypt1,002,450 (7A)
28%
Austria83,871 (5C)
28%
Kenya580,367 (6B)
28%
Israel20,770 (5A)
28%
Ethiopia1,104,300 (7A)
28%
Ireland70,273 (5C)
28%
Finland338,424 (6A)
28%
Iceland103,000 (6A)
28%
United States9,526,468 (7C)
28%
Ghana238,533 (6A)
28%
Macedonia25,713 (5A)
28%
Belarus207,600 (6A)
28%
Philippines342,353 (6A)
28%
Mali1,240,192 (7A)
28%
Russia17,098,242 (8A)
28%
Bolivia1,098,581 (7A)
28%
Poland312,679 (6A)
28%
Chad1,284,000 (7A)
28%
Malaysia330,803 (6A)
28%
Saudi Arabia2,149,690 (7A)
22%
Romania238,391 (6A)
22%
Bangladesh147,570 (6A)
22%
Portugal92,090 (5C)
22%
Antigua and Barbuda442 (3B)
22%
Azerbaijan86,600 (5C)
22%
Mozambique801,590 (6C)
22%
Monaco2 (1A)
22%
Latvia64,559 (5B)
22%
Liberia111,369 (6A)
22%
Mexico1,964,375 (7A)
22%
Mauritania1,030,700 (7A)
22%
Armenia29,743 (5A)
22%
Mongolia1,564,110 (7A)
22%
Botswana582,000 (6B)
22%
Belgium30,528 (5A)
22%
Fiji18,272 (5A)
22%
Cuba109,884 (6A)
22%
Benin112,622 (6A)
22%
Denmark43,094 (5B)
22%
Chile756,102 (6C)
22%
Central African Republic622,984 (6B)
22%
Dominican Republic48,671 (5B)
22%
East Timor14,874 (5A)
22%
El Salvador21,041 (5A)
22%
Equatorial Guinea28,051 (5A)
22%
Eritrea117,600 (6A)
22%
Côte d'Ivoire322,463 (6A)
22%
Bulgaria110,879 (6A)
22%
Belize22,966 (5A)
22%
Cameroon475,442 (6B)
22%
Cambodia181,035 (6A)
22%
Bosnia and Herzegovina51,209 (5B)
17%
Qatar11,586 (5A)
17%
Brunei5,765 (4B)
17%
Comoros1,862 (4A)
17%
Bhutan38,394 (5A)
17%
Senegal196,722 (6A)
17%
Burkina Faso272,967 (6A)
17%
Moldova33,846 (5A)
17%
Burma676,578 (6B)
17%
Republic of the Congo342,000 (6A)
17%
Morocco446,550 (6B)
17%
Burundi27,834 (5A)
17%
Cape Verde4,033 (4B)
17%
Papua New Guinea462,840 (6B)
17%
Namibia825,615 (6C)
17%
Nepal147,181 (6A)
17%
New Zealand270,467 (6A)
17%
Niger1,267,000 (7A)
17%
Malta316 (3A)
17%
North Korea120,538 (6A)
17%
Norway323,802 (6A)
17%
Oman309,500 (6A)
17%
Pakistan881,912 (6C)
17%
Nigeria923,768 (6C)
17%
Maldives300 (3A)
17%
Costa Rica51,100 (5B)
17%
Jordan89,342 (5C)
17%
Gambia11,295 (5A)
17%
Vatican City0,44 (0B)
17%
Guatemala108,889 (6A)
17%
Gabon267,668 (6A)
17%
Guyana214,969 (6A)
17%
Honduras112,492 (6A)
17%
Hungary93,028 (5C)
17%
Barbados430 (3B)
17%
Bahrain765 (3C)
17%
Bahamas13,943 (5A)
17%
Federated States of Micronesia702 (3C)
17%
Estonia45,227 (5B)
17%
Georgia69,700 (5B)
17%
Jamaica10,991 (5A)
17%
Lesotho30,355 (5A)
17%
Croatia56,594 (5B)
17%
Cyprus9,251 (4C)
17%
Laos236,800 (6A)
17%
Czech Republic78,865 (5C)
17%
Djibouti23,200 (5A)
17%
Lebanon10,452 (5A)
17%
Dominica751 (3C)
17%
Sweden450,295 (6B)
11%
Serbia88,361 (5C)
11%
Spain505,992 (6B)
11%
Uruguay181,034 (6A)
11%
United Kingdom242,900 (6A)
11%
South Sudan619,745 (6B)
11%
Slovenia20,273 (5A)
11%
Seychelles452 (3B)
11%
Sierra Leone71,740 (5C)
11%
Singapore710 (3C)
11%
Sudan1,886,068 (7A)
11%
South Korea100,210 (6A)
11%
Suriname163,820 (6A)
11%
San Marino61 (2B)
11%
South Africa1,221,037 (7A)
11%
São Tomé and Príncipe964 (3C)
11%
Marshall Islands181 (3A)
11%
Samoa2,842 (4A)
11%
Netherlands41,850 (5B)
11%
Saint Vincent and the Grenadines389 (3A)
11%
Haiti27,750 (5A)
11%
Kiribati811 (3C)
11%
Guinea-Bissau36,125 (5A)
11%
Kosovo10,887 (5A)
11%
Kuwait17,818 (5A)
11%
Guinea245,857 (6A)
11%
Mauritius2,040 (4A)
11%
Grenada344 (3A)
11%
Nicaragua130,373 (6A)
11%
Panama75,417 (5C)
11%
Paraguay406,752 (6B)
11%
Rwanda26,338 (5A)
11%
Saint Kitts and Nevis261 (3A)
11%
Saint Lucia616 (3B)
11%
Venezuela916,445 (6C)
6%
Vietnam331,212 (6A)
6%
Tunisia163,610 (6A)
6%
Uzbekistan447,400 (6B)
6%
Yemen527,968 (6B)
6%
Zambia752,612 (6C)
6%
United Arab Emirates83,600 (5C)
6%
Ukraine603,500 (6B)
6%
Uganda241,550 (6A)
6%
Turkey783,562 (6C)
6%
Tajikistan143,100 (6A)
6%
Zimbabwe390,757 (6A)
6%
Sri Lanka65,610 (5B)
6%
Palau459 (3B)
6%
Slovakia49,037 (5B)
6%
Somalia637,657 (6B)
6%
Nauru21 (2A)
6%
Montenegro13,812 (5A)
6%
Swaziland17,364 (5A)
6%
Syria185,180 (6A)
6%
Tanzania945,087 (6C)
6%
Switzerland41,284 (5B)
0%
Trinidad and Tobago5,130 (4B)
0%
Taiwan36,193 (5A)
0%
Vanuatu12,189 (5A)
0%
Tuvalu26 (2A)
0%
Turkmenistan488,100 (6B)
0%
Solomon Islands28,896 (5A)
0%
Thailand513,120 (6B)
0%
Togo56,785 (5B)
0%
Tonga747 (3C)
0%

Score Distribution

Percentile by Number Answered

Percent of People with Each Score

Your Score History

You have not taken this quiz